[Event "Budapest FS06 Nadassy"]
[Site "Budapest"]
[Date "2019.06.02"]
[Round "2.1"]
[White "Sagar, Siya"]
[Black "Eperjesi, Laszlo"]
[Result "0-1"]
[WhiteElo "1792"]
[BlackElo "2008"]
[PlyCount "88"]
[EventDate "2019.06.01"]
[EventType "schev"]
[EventRounds "10"]
[EventCountry "HUN"]
[SourceTitle "EXT 2020"]
[Source "ChessBase"]
[SourceDate "2019.10.17"]
[SourceVersion "1"]
[SourceVersionDate "2019.10.17"]
[SourceQuality "1"]
[WhiteTeam "Lower Row"]
[BlackTeam "Higher Row"]
[WhiteTeamCountry "HUN"]
[BlackTeamCountry "HUN"]

1. e4 c6 2. d4 d5 3. Nc3 dxe4 4. Nxe4 Nf6 5. Nxf6+ exf6 6. Nf3 Bd6 7. Bd3 0-0 8. 0-0 Bg4 9. Be3 Nd7 10. c4 Re8 11. Rc1 Qc7 12. h3 Bh5 13. Re1 Rad8 14. Qc2 Bxf3 15. Bxh7+ Kh8 16. gxf3 g6 17. Bxg6 fxg6 18. Kh1 Nf8 19. Rg1 Qh7 20. Kg2 g5 21. Qd2 Ng6 22. Qd1 Bf4 23. Rc3 Qh5 24. Rh1 Nh4+ 25. Kf1 Bxe3 26. fxe3 Qxf3+ 27. Qxf3 Nxf3 28. Kf2 Nd2 29. Kg2 Kg7 30. b3 Ne4 31. Rd3 f5 32. Rf1 Kf6 33. Rf3 Ke6 34. Rd1 Rh8 35. b4 Rd7 36. a3 b5 37. cxb5 cxb5 38. Rc1 Rd6 39. Rc7 Ra6 40. Rf1 Rxa3 41. Rc6+ Nd6 42. Re1 Ra2+ 43. Kg3 Kd7 44. Rec1 Ne4+ 0-1

[Event "Budapest FS06 Nadassy"]
[Site "Budapest"]
[Date "2019.06.01"]
[Round "1.1"]
[White "Eperjesi, Laszlo"]
[Black "Kumar, Naman"]
[Result "1/2-1/2"]
[WhiteElo "2008"]
[BlackElo "1908"]
[PlyCount "62"]
[EventDate "2019.06.01"]
[EventType "schev"]
[EventRounds "10"]
[EventCountry "HUN"]
[SourceTitle "EXT 2020"]
[Source "ChessBase"]
[SourceDate "2019.10.17"]
[SourceVersion "1"]
[SourceVersionDate "2019.10.17"]
[SourceQuality "1"]
[WhiteTeam "Higher Row"]
[BlackTeam "Lower Row"]
[WhiteTeamCountry "HUN"]
[BlackTeamCountry "HUN"]

1. d4 Nf6 2. c4 e6 3. Nf3 b6 4. g3 Bb7 5. Bg2 Be7 6. 0-0 0-0 7. Nc3 d5 8. Ne5 Qc8 9. cxd5 exd5 10. Qb3 c6 11. Bf4 Nbd7 12. Rac1 Qd8 13. Rfd1 Nxe5 14. Bxe5 Nd7 15. Bf4 Bg5 16. Bxg5 Qxg5 17. e4 dxe4 18. Nxe4 Qe7 19. Re1 Rfe8 20. Re3 Qf8 21. Rce1 Rad8 22. Qa4 a6 23. h4 c5 24. dxc5 Bxe4 25. Bxe4 Nxc5 26. Qc2 Nxe4 27. Rxe4 Rxe4 28. Qxe4 Qd6 29. Qb7 b5 30. Re7 Qf6 31. Qd7 Rf8 1/2-1/2

[Event "Budapest FS05 Nadassy"]
[Site "Budapest"]
[Date "2019.05.06"]
[Round "3.4"]
[White "Eperjesi, Laszlo"]
[Black "Chubakov, Sultan"]
[Result "1-0"]
[WhiteElo "2012"]
[BlackElo "1990"]
[PlyCount "85"]
[EventDate "2019.05.04"]
[EventType "schev"]
[EventRounds "10"]
[EventCountry "HUN"]
[SourceTitle "CBM 190 Extra"]
[Source "ChessBase"]
[SourceDate "2019.07.15"]
[SourceVersion "1"]
[SourceVersionDate "2019.07.15"]
[SourceQuality "1"]
[WhiteTeam "A Team Higher Elo"]
[BlackTeam "B Team Lower Elo"]
[WhiteTeamCountry "HUN"]
[BlackTeamCountry "HUN"]

1. d4 d5 2. c4 e6 3. Nc3 Nf6 4. cxd5 exd5 5. Bg5 c6 6. e3 Bf5 7. Qf3 Bg6 8. Bxf6 Qxf6 9. Qxf6 gxf6 10. h4 h5 11. Nh3 Bd6 12. g3 Nd7 13. Be2 b5 14. a4 b4 15. Nb1 a5 16. Nd2 Nb6 17. 0-0 Bc2 18. b3 Bf5 19. Kg2 Kd7 20. Rac1 Bg6 21. Rfe1 Rac8 22. Nf4 c5 23. Bb5+ Ke7 24. dxc5 Bxc5 25. e4 d4 26. e5 Rhd8 27. Nd3 Bxd3 28. Bxd3 Nd5 29. exf6+ Kf8 30. Nc4 Nxf6 31. Nxa5 Rc7 32. Nb7 Rdc8 33. Rxc5 Rxc5 34. Nxc5 Rxc5 35. Bc4 Rc8 36. Rd1 Rd8 37. Kf3 Ng4 38. a5 Ke7 39. a6 Kf6 40. a7 Ne5+ 41. Ke4 Nc6 42. Ra1 Ra8 43. Ra6 1-0

[Event "Budapest FS04 Nadassy"]
[Site "Budapest"]
[Date "2019.04.04"]
[Round "6.2"]
[White "Eperjesi, Laszlo"]
[Black "Chubakov, Sultan"]
[Result "0-1"]
[WhiteElo "2085"]
[BlackElo "1710"]
[PlyCount "66"]
[EventDate "2019.03.30"]
[EventType "schev"]
[EventRounds "12"]
[EventCountry "HUN"]
[SourceTitle "EXT 2020"]
[Source "ChessBase"]
[SourceDate "2019.10.17"]
[SourceVersion "1"]
[SourceVersionDate "2019.10.17"]
[SourceQuality "1"]
[WhiteTeam "A Team Higher Elo"]
[BlackTeam "B Team Lower Elo"]
[WhiteTeamCountry "HUN"]
[BlackTeamCountry "HUN"]

1. Nf3 d5 2. g3 e6 3. Bg2 Nf6 4. 0-0 Be7 5. d3 c5 6. Nbd2 Nc6 7. e4 0-0 8. Re1 d4 9. a4 e5 10. Nc4 Qc7 11. c3 Be6 12. cxd4 cxd4 13. Ng5 Bxc4 14. dxc4 Nd7 15. b3 Bb4 16. Bd2 Nc5 17. Rb1 Rad8 18. Bf1 a5 19. Qh5 h6 20. Nf3 Rfe8 21. Qg4 Re6 22. Red1 Rg6 23. Qh4 Bxd2 24. Rxd2 d3 25. Bh3 Nd4 26. Nxd4 Rxd4 27. f3 Rb6 28. Bf1 Qd6 29. Qg4 Qd8 30. Qf5 Rxb3 31. Rbd1 Qb6 32. Qxe5 Nxe4 33. c5 Qxc5 0-1

[Event "Budapest FS04 Nadassy"]
[Site "Budapest"]
[Date "2019.04.01"]
[Round "3.2"]
[White "Eperjesi, Laszlo"]
[Black "Kopelevitch, Eli"]
[Result "1/2-1/2"]
[WhiteElo "2085"]
[BlackElo "1858"]
[PlyCount "82"]
[EventDate "2019.03.30"]
[EventType "schev"]
[EventRounds "12"]
[EventCountry "HUN"]
[SourceTitle "EXT 2020"]
[Source "ChessBase"]
[SourceDate "2019.10.17"]
[SourceVersion "1"]
[SourceVersionDate "2019.10.17"]
[SourceQuality "1"]
[WhiteTeam "A Team Higher Elo"]
[BlackTeam "B Team Lower Elo"]
[WhiteTeamCountry "HUN"]
[BlackTeamCountry "HUN"]

1. d4 f5 2. g3 g6 3. Bg2 Nf6 4. Nf3 d6 5. 0-0 Bg7 6. b3 0-0 7. Bb2 Na6 8. Nbd2 c6 9. e3 Bd7 10. c4 Nc7 11. b4 Qe8 12. a4 h6 13. Qc2 Rc8 14. Rfe1 Ne4 15. Nxe4 fxe4 16. Nd2 d5 17. f3 exf3 18. Bxf3 Bh3 19. Bg2 Bxg2 20. Kxg2 Rf6 21. Rf1 g5 22. h3 Qf7 23. Rxf6 exf6 24. Rf1 Re8 25. Rf3 Re6 26. b5 Qe8 27. Nf1 Re4 28. Ba3 Ne6 29. Qb3 Nc7 30. b6 axb6 31. Qxb6 g4 32. hxg4 Ne6 33. cxd5 cxd5 34. Qxb7 Rxg4 35. Qxd5 Kh8 36. Qb5 Qf7 37. Bd6 Ng5 38. Qb8+ Kh7 39. Qb1+ Kh8 40. Qb8+ Kh7 41. Qb1+ Kh8 1/2-1/2

[Event "Budapest FS04 Nadassy"]
[Site "Budapest"]
[Date "2019.03.30"]
[Round "1.2"]
[White "Eperjesi, Laszlo"]
[Black "Mitali, Madhukar Patil"]
[Result "0-1"]
[WhiteElo "2085"]
[BlackElo "2020"]
[PlyCount "95"]
[EventDate "2019.03.30"]
[EventType "schev"]
[EventRounds "12"]
[EventCountry "HUN"]
[SourceTitle "EXT 2020"]
[Source "ChessBase"]
[SourceDate "2019.10.17"]
[SourceVersion "1"]
[SourceVersionDate "2019.10.17"]
[SourceQuality "1"]
[WhiteTeam "A Team Higher Elo"]
[BlackTeam "B Team Lower Elo"]
[WhiteTeamCountry "HUN"]
[BlackTeamCountry "HUN"]

1. d4 d5 2. c4 e6 3. Nf3 Nf6 4. e3 Nbd7 5. Nbd2 c6 6. Bd3 Bd6 7. 0-0 0-0 8. e4 e5 9. cxd5 cxd5 10. exd5 exd4 11. Nxd4 Ne5 12. Bf5 Nxd5 13. Ne4 Bc7 14. Bg5 Qe8 15. Bxc8 Rxc8 16. Nf5 Qe6 17. Qxd5 Qxf5 18. Qxb7 Qg6 19. Kh1 Nc6 20. Rac1 Bxh2 21. Kxh2 Qxe4 22. Rfe1 Qf5 23. Be3 Ne5 24. f3 Rb8 25. Qe4 Qxe4 26. fxe4 Nd3 27. Bxa7 Rxb2 28. Bd4 Rxa2 29. Ra1 Rfa8 30. Rxa2 Rxa2 31. Ra1 Rxa1 32. Bxa1 f6 33. Kg3 Kf7 34. Kf3 Ke6 35. g4 Ne5+ 36. Kg3 g6 37. Bd4 Nc6 38. Bc3 Na7 39. Kf4 Nb5 40. Bb2 Nd6 41. Bd4 Nf7 42. Bc3 g5+ 43. Kg3 Ne5 44. Bd4 Kd6 45. Bb6 Nc4 46. Bd4 Nd2 47. e5+ fxe5 48. Be3 0-1

[Event "Budapest FS12 Nadassy"]
[Site "Budapest"]
[Date "2018.12.10"]
[Round "9.1"]
[White "Eperjesi, Laszlo"]
[Black "Johnsen, Oystein"]
[Result "1-0"]
[WhiteElo "2065"]
[BlackElo "2013"]
[PlyCount "97"]
[EventDate "2018.12.01"]
[EventType "schev"]
[EventRounds "10"]
[EventCountry "HUN"]
[SourceTitle "EXT 2020"]
[Source "ChessBase"]
[SourceDate "2019.10.17"]
[SourceVersion "1"]
[SourceVersionDate "2019.10.17"]
[SourceQuality "1"]
[WhiteTeam "A Team Higher Elo"]
[BlackTeam "B Team Lower Elo"]
[WhiteTeamCountry "HUN"]
[BlackTeamCountry "HUN"]

1. d4 d5 2. c4 c6 3. Nf3 Nf6 4. Qc2 a6 5. e3 e6 6. Nbd2 Bd6 7. Bd3 Nbd7 8. 0-0 0-0 9. e4 dxe4 10. Nxe4 Nxe4 11. Bxe4 Nf6 12. Bg5 h6 13. Bh4 g5 14. Bg3 Nxe4 15. Qxe4 f5 16. Qd3 Bxg3 17. hxg3 Qf6 18. Rad1 Kg7 19. Rfe1 Bd7 20. Ne5 Be8 21. c5 Qe7 22. Nc4 Rd8 23. Nd6 Bg6 24. Qb3 Rf6 25. Rd2 b5 26. Rde2 Bf7 27. Re5 Qd7 28. Qa3 Ra8 29. Qa5 h5 30. Qd2 Rg6 31. R1e3 g4 32. Ra3 Qd8 33. Qf4 Qg5 34. Qxg5 Rxg5 35. b4 Rg6 36. Ra5 Rh6 37. Re3 h4 38. Rea3 Bg6 39. Rxa6 Rah8 40. Ra8 hxg3 41. fxg3 Rh1+ 42. Kf2 Rxa8 43. Rxa8 Rb1 44. a4 Rxb4 45. axb5 cxb5 46. c6 Rb2+ 47. Ke3 Rc2 48. Ra7+ Kf6 49. c7 1-0

[Event "Budapest FS12 Nadassy"]
[Site "Budapest"]
[Date "2018.12.04"]
[Round "4.1"]
[White "Johnsen, Oystein"]
[Black "Eperjesi, Laszlo"]
[Result "0-1"]
[WhiteElo "2013"]
[BlackElo "2065"]
[PlyCount "68"]
[EventDate "2018.12.01"]
[EventType "schev"]
[EventRounds "10"]
[EventCountry "HUN"]
[SourceTitle "EXT 2020"]
[Source "ChessBase"]
[SourceDate "2019.10.17"]
[SourceVersion "1"]
[SourceVersionDate "2019.10.17"]
[SourceQuality "1"]
[WhiteTeam "B Team Lower Elo"]
[BlackTeam "A Team Higher Elo"]
[WhiteTeamCountry "HUN"]
[BlackTeamCountry "HUN"]

1. d4 Nf6 2. Nf3 e6 3. Bf4 b6 4. e3 Bb7 5. Nbd2 Be7 6. h3 0-0 7. Bd3 c5 8. 0-0 cxd4 9. exd4 d6 10. Bh2 Nbd7 11. Qe2 Re8 12. Rfe1 Bf8 13. Qf1 a6 14. c3 Qc7 15. a4 Bc6 16. Ne4 Nxe4 17. Bxe4 Bxe4 18. Rxe4 Nf6 19. Ree1 Qc6 20. Qd3 b5 21. axb5 axb5 22. Nd2 h6 23. Nb3 Qd5 24. Qc2 Rec8 25. Bf4 Qc4 26. Rxa8 Rxa8 27. Ra1 Rxa1+ 28. Nxa1 b4 29. Bd2 d5 30. b3 Qa6 31. Qb1 Ne4 32. Be1 Nxc3 33. Bxc3 bxc3 34. Nc2 Qd3 0-1

[Event "Budapest FS08 Nadassy"]
[Site "Budapest"]
[Date "2018.08.10"]
[Round "6.2"]
[White "Resika, Nathan A"]
[Black "Eperjesi, Laszlo"]
[Result "1/2-1/2"]
[WhiteElo "2106"]
[BlackElo "2055"]
[PlyCount "121"]
[EventDate "2018.08.04"]
[EventType "team-tourn"]
[EventRounds "10"]
[EventCountry "HUN"]
[SourceTitle "CBM 186 Extra"]
[Source "ChessBase"]
[SourceDate "2018.08.24"]
[SourceVersion "1"]
[SourceVersionDate "2018.08.24"]
[SourceQuality "1"]
[WhiteTeam "Lower Elo"]
[BlackTeam "Higher Elo"]
[WhiteTeamCountry "HUN"]
[BlackTeamCountry "HUN"]

1. Nf3 Nf6 2. d4 e6 3. g3 b6 4. Bg2 Bb7 5. 0-0 c5 6. c4 cxd4 7. Qxd4 Nc6 8. Qf4 Ne7 9. Nc3 Ng6 10. Qd2 Bb4 11. Qd3 Rc8 12. b3 d5 13. Bb2 dxc4 14. bxc4 0-0 15. Nb5 a6 16. Nbd4 Qc7 17. Rac1 Rfd8 18. Qb3 Bc5 19. e3 Be4 20. Rfd1 Qb7 21. Ne1 Bxg2 22. Nxg2 e5 23. Ne2 Qf3 24. Nc3 h6 25. Na4 Ne4 26. Qc2 Rxd1+ 27. Rxd1 Nxf2 28. Re1 Bxe3 29. Qe2 Nh3+ 30. Kh1 Qxe2 31. Rxe2 Rxc4 32. Nxe3 Rxa4 33. Nd5 f6 34. Nxb6 Rxa2 35. Nd5 Ra5 36. Ne3 Ng5 37. Rc2 Ne6 38. Rc8+ Kh7 39. Re8 Nd4 40. Rd8 Ra2 41. Rb8 Ra5 42. Rd8 Nc6 43. Rd7 Nge7 44. Kg2 Kg6 45. Kf3 Rb5 46. Ba3 Nf5 47. Nc4 Na5 48. Nxa5 Nd4+ 49. Rxd4 exd4 50. Nc4 f5 51. Ke2 Rb3 52. Bb2 f4 53. gxf4 Rh3 54. Bxd4 Rxh2+ 55. Kf3 Rc2 56. Ne3 Rd2 57. Be5 a5 58. f5+ Kf7 59. Nc4 Rc2 60. Nd6+ Ke7 61. Ne4 1/2-1/2

[Event "Budapest FS08 Nadassy"]
[Site "Budapest"]
[Date "2018.08.07"]
[Round "4.2"]
[White "Kumar, Naman"]
[Black "Eperjesi, Laszlo"]
[Result "1-0"]
[WhiteElo "1914"]
[BlackElo "2055"]
[PlyCount "67"]
[EventDate "2018.08.04"]
[EventType "team-tourn"]
[EventRounds "10"]
[EventCountry "HUN"]
[SourceTitle "CBM 186 Extra"]
[Source "ChessBase"]
[SourceDate "2018.08.24"]
[SourceVersion "1"]
[SourceVersionDate "2018.08.24"]
[SourceQuality "1"]
[WhiteTeam "Lower Elo"]
[BlackTeam "Higher Elo"]
[WhiteTeamCountry "HUN"]
[BlackTeamCountry "HUN"]

1. e4 c6 2. d4 d5 3. e5 Bf5 4. Nf3 e6 5. Be2 Nd7 6. 0-0 h6 7. Nbd2 Ne7 8. Nb3 Bg4 9. h3 Bxf3 10. Bxf3 Nf5 11. Qd3 b5 12. a4 a6 13. axb5 axb5 14. Bd2 Be7 15. Rxa8 Qxa8 16. Ra1 Qb7 17. Bg4 g6 18. Bxf5 exf5 19. Qc3 b4 20. Qd3 Nb8 21. c3 h5 22. Na5 Qb6 23. c4 Qa6 24. Qf1 dxc4 25. Nxc4 Qb7 26. Nd6+ Bxd6 27. exd6 0-0 28. Qc4 Nd7 29. Re1 Nf6 30. Re7 Qa8 31. Bh6 Qa1+ 32. Kh2 Ne4 33. Bxf8 Nxd6 34. Qxc6 1-0

[Event "Budapest FS06 Nadassy"]
[Site "Budapest"]
[Date "2018.06.10"]
[Round "8"]
[White "Steenstrup, Svend"]
[Black "Eperjesi, Laszlo"]
[Result "1-0"]
[WhiteElo "1909"]
[BlackElo "2085"]
[PlyCount "63"]
[EventDate "2018.06.02"]
[EventType "schev"]
[EventRounds "10"]
[EventCountry "HUN"]
[SourceTitle "CBM 184 Extra"]
[Source "ChessBase"]
[SourceDate "2018.06.28"]
[SourceVersion "1"]
[SourceVersionDate "2018.06.28"]
[SourceQuality "1"]
[WhiteTeam "Lower Elo"]
[BlackTeam "Higher Elo"]
[WhiteTeamCountry "HUN"]
[BlackTeamCountry "HUN"]

1. d4 Nf6 2. c4 e6 3. Nc3 Bb4 4. e3 0-0 5. Nge2 d5 6. a3 Be7 7. Nf4 a5 8. cxd5 exd5 9. Qc2 c6 10. Bd3 Bd6 11. e4 dxe4 12. Nxe4 Nxe4 13. Bxe4 f5 14. Bd3 Bxf4 15. Qc4+ Kh8 16. Bxf4 Re8+ 17. Be5 Nd7 18. 0-0-0 Nxe5 19. dxe5 Be6 20. Qf4 Qe7 21. Bc2 Rad8 22. Rd6 g6 23. Rhd1 Bd5 24. g4 fxg4 25. Bxg6 hxg6 26. Rxg6 Bg8 27. Rxg8+ Kxg8 28. Rg1 Qc5+ 29. Kb1 Qxe5 30. Rxg4+ Kh7 31. Qf7+ Kh6 32. Qg6# 1-0

[Event "Budapest FS06 Nadassy"]
[Site "Budapest"]
[Date "2018.06.03"]
[Round "2"]
[White "Zoltan, Andras"]
[Black "Eperjesi, Laszlo"]
[Result "1/2-1/2"]
[WhiteElo "1856"]
[BlackElo "2085"]
[PlyCount "75"]
[EventDate "2018.06.02"]
[EventType "schev"]
[EventRounds "10"]
[EventCountry "HUN"]
[SourceTitle "CBM 184 Extra"]
[Source "ChessBase"]
[SourceDate "2018.06.28"]
[SourceVersion "1"]
[SourceVersionDate "2018.06.28"]
[SourceQuality "1"]
[WhiteTeam "Lower Elo"]
[BlackTeam "Higher Elo"]
[WhiteTeamCountry "HUN"]
[BlackTeamCountry "HUN"]

1. e4 c6 2. d4 d5 3. Nc3 dxe4 4. Nxe4 Nd7 5. Nf3 Ngf6 6. Nxf6+ Nxf6 7. Bc4 Bf5 8. 0-0 e6 9. c3 Be7 10. Re1 0-0 11. Bd3 Bxd3 12. Qxd3 Qc7 13. Bg5 h6 14. Bxf6 Bxf6 15. Rad1 c5 16. Qc4 Rac8 17. Qxc5 Qxc5 18. dxc5 Rxc5 19. g3 Rfc8 20. Nd2 Rb5 21. Rb1 Kf8 22. Ne4 Be5 23. f4 Bc7 24. Kg2 Rd5 25. Rbd1 Rcd8 26. Rxd5 Rxd5 27. Kf3 f5 28. Nf2 Kf7 29. Rd1 Rxd1 30. Nxd1 e5 31. fxe5 Ke6 32. Nf2 Kxe5 33. Nd3+ Kd5 34. h3 g5 35. g4 f4 36. Nb4+ Ke5 37. Nd3+ Kd5 38. Nb4+ 1/2-1/2

[Event "Budapest FS04 Nadassy"]
[Site "Budapest"]
[Date "2018.04.15"]
[Round "8.1"]
[White "Kumar, Naman"]
[Black "Eperjesi, Laszlo"]
[Result "0-1"]
[WhiteElo "2007"]
[BlackElo "2111"]
[PlyCount "90"]
[EventDate "2018.04.07"]
[EventType "schev"]
[EventRounds "10"]
[EventCountry "HUN"]
[SourceTitle "CBM 184 Extra"]
[Source "ChessBase"]
[SourceDate "2018.06.28"]
[SourceVersion "1"]
[SourceVersionDate "2018.06.28"]
[SourceQuality "1"]
[WhiteTeam "B Team Lower Elo"]
[BlackTeam "A Team Higher Elo"]
[WhiteTeamCountry "HUN"]
[BlackTeamCountry "HUN"]

1. e4 c6 2. d4 d5 3. e5 Bf5 4. Nf3 e6 5. Be2 Nd7 6. 0-0 Bg6 7. Nbd2 Nh6 8. Nb3 Nf5 9. Bd2 Be7 10. Rc1 h5 11. c4 dxc4 12. Bxc4 0-0 13. Na5 Rb8 14. Qb3 Nb6 15. Rfd1 Nxc4 16. Rxc4 Qd7 17. Bb4 Rfd8 18. Bxe7 Nxe7 19. Nh4 b6 20. Nxg6 fxg6 21. Rb4 c5 22. Rb5 cxd4 23. Nc4 Nf5 24. a4 Rbc8 25. h3 Rc5 26. Nd6 Qe7 27. Nxf5 gxf5 28. Qb4 a5 29. Qa3 Qc7 30. Qb3 Qxe5 31. Rxb6 Rcd5 32. Qd3 Rb8 33. Rxb8+ Qxb8 34. Qe2 Qe8 35. f4 Kh7 36. Re1 d3 37. Qd1 g6 38. b3 d2 39. Re2 Qd7 40. Rf2 Rd3 41. Kh2 Qd4 42. Kg1 h4 43. Kf1 Qc3 44. Kg1 Qc5 45. Kf1 Qc1 0-1

[Event "Budapest FS04 Nadassy"]
[Site "Budapest"]
[Date "2018.04.11"]
[Round "5.1"]
[White "Eperjesi, Laszlo"]
[Black "Tancsa, Tamas"]
[Result "1/2-1/2"]
[WhiteElo "2111"]
[BlackElo "1907"]
[PlyCount "76"]
[EventDate "2018.04.07"]
[EventType "schev"]
[EventRounds "10"]
[EventCountry "HUN"]
[SourceTitle "CBM 184 Extra"]
[Source "ChessBase"]
[SourceDate "2018.06.28"]
[SourceVersion "1"]
[SourceVersionDate "2018.06.28"]
[SourceQuality "1"]
[WhiteTeam "A Team Higher Elo"]
[BlackTeam "B Team Lower Elo"]
[WhiteTeamCountry "HUN"]
[BlackTeamCountry "HUN"]

1. Nf3 Nf6 2. c4 g6 3. b3 Bg7 4. Bb2 0-0 5. e3 d6 6. d4 e5 7. dxe5 Nfd7 8. Be2 Nc6 9. 0-0 Ndxe5 10. Nc3 Nxf3+ 11. Bxf3 Ne5 12. Be2 Be6 13. Qd2 f5 14. Rad1 a6 15. f4 Nc6 16. Bf3 Re8 17. Rfe1 Qd7 18. c5 Rad8 19. cxd6 Qxd6 20. Qxd6 Rxd6 21. Rxd6 cxd6 22. Rd1 Rd8 23. Kf2 Nb4 24. a3 Na2 25. Nxa2 Bxb2 26. Bxb7 Bxa3 27. Bd5 Bxd5 28. Rxd5 Rb8 29. b4 Bxb4 30. Nxb4 Rxb4 31. Rxd6 a5 32. Ra6 a4 33. Ra7 Rb2+ 34. Kf3 Ra2 35. h3 a3 36. g4 Ra1 37. gxf5 gxf5 38. Kg3 a2 1/2-1/2

[Event "Budapest FS04 Nadassy"]
[Site "Budapest"]
[Date "2018.04.07"]
[Round "1.1"]
[White "Eperjesi, Laszlo"]
[Black "Dhruv, Easwar"]
[Result "1/2-1/2"]
[WhiteElo "2111"]
[BlackElo "1923"]
[PlyCount "72"]
[EventDate "2018.04.07"]
[EventType "schev"]
[EventRounds "10"]
[EventCountry "HUN"]
[SourceTitle "CBM 184 Extra"]
[Source "ChessBase"]
[SourceDate "2018.06.28"]
[SourceVersion "1"]
[SourceVersionDate "2018.06.28"]
[SourceQuality "1"]
[WhiteTeam "A Team Higher Elo"]
[BlackTeam "B Team Lower Elo"]
[WhiteTeamCountry "HUN"]
[BlackTeamCountry "HUN"]

1. d4 Nf6 2. Nf3 d5 3. c4 e6 4. g3 Be7 5. Bg2 0-0 6. 0-0 c6 7. Qc2 Nbd7 8. Rd1 b6 9. Bf4 Bb7 10. Nbd2 Rc8 11. Rac1 Re8 12. h4 Nf8 13. Ne5 Ng6 14. Nxg6 hxg6 15. e4 dxe4 16. Nxe4 Nxe4 17. Qxe4 Bd6 18. c5 Bxf4 19. Qxf4 b5 20. b4 Qc7 21. Qe3 Rcd8 22. f4 Qe7 23. a4 a6 24. Ra1 Ra8 25. Rd2 Qf6 26. Qe5 Qxe5 27. dxe5 Red8 28. Rd6 Rab8 29. Kf2 Kf8 30. Ke3 Ke8 31. Bxc6+ Bxc6 32. Rxc6 a5 33. axb5 Rxb5 34. Rb6 Rxb4 35. Rxb4 axb4 36. Rb1 Rd5 1/2-1/2

[Event "Budapest FS03 FM"]
[Site "Budapest"]
[Date "2018.03.13"]
[Round "10"]
[White "Szlenka, Attila"]
[Black "Eperjesi, Laszlo"]
[Result "0-1"]
[WhiteElo "1753"]
[BlackElo "2126"]
[PlyCount "104"]
[EventDate "2018.03.03"]
[EventType "tourn"]
[EventRounds "10"]
[EventCountry "HUN"]
[SourceTitle "CBM 183 Extra"]
[Source "ChessBase"]
[SourceDate "2018.04.19"]
[SourceVersion "1"]
[SourceVersionDate "2018.04.19"]
[SourceQuality "1"]

1. c4 Nf6 2. Nc3 e6 3. g3 d5 4. d3 d4 5. Ne4 Nxe4 6. dxe4 c5 7. Bg2 Nc6 8. f4 e5 9. Nf3 Bd6 10. 0-0 Qc7 11. Ne1 Be6 12. b3 f6 13. Nd3 0-0 14. f5 Bf7 15. g4 a6 16. Ba3 Qa5 17. Qc1 Rac8 18. Bf3 Kh8 19. Rd1 Nb4 20. Bxb4 cxb4 21. Qd2 b5 22. cxb5 Qxb5 23. Nb2 Rc3 24. Rdc1 Rfc8 25. Na4 R3c7 26. Rxc7 Rxc7 27. Rc1 Qb7 28. Kf1 Be8 29. Rxc7 Qxc7 30. Nb2 Bb5 31. Ke1 Qc3 32. Kd1 Kg8 33. Qxc3 dxc3 34. Nd3 a5 35. Kc2 g6 36. Bg2 Kg7 37. Bf3 Bc6 38. Ne1 Bc5 39. Ng2 Bf2 40. h3 h5 41. Kd3 Bb5+ 42. Kc2 h4 43. Kd1 g5 44. Kc2 Kf7 45. Kd1 Ke7 46. Ne1 Bxe1 47. Kxe1 Kd6 48. Bg2 Kc5 49. e3 Bd3 50. Kd1 Bb1 51. Kc1 Bxa2 52. Kc2 a4 0-1

[Event "Budapest FS03 FM"]
[Site "Budapest"]
[Date "2018.03.12"]
[Round "9"]
[White "Eperjesi, Laszlo"]
[Black "Szurkos, Andras"]
[Result "1-0"]
[WhiteElo "2126"]
[BlackElo "1673"]
[PlyCount "57"]
[EventDate "2018.03.03"]
[EventType "tourn"]
[EventRounds "10"]
[EventCountry "HUN"]
[SourceTitle "CBM 183 Extra"]
[Source "ChessBase"]
[SourceDate "2018.04.19"]
[SourceVersion "1"]
[SourceVersionDate "2018.04.19"]
[SourceQuality "1"]

1. d4 Nf6 2. Nf3 d5 3. c4 e6 4. Nc3 Bb4 5. Qa4+ Nc6 6. Ne5 Bxc3+ 7. bxc3 Bd7 8. Nxd7 Qxd7 9. Ba3 Ne4 10. Qc2 Nd6 11. cxd5 exd5 12. e3 0-0 13. Bd3 g6 14. Rb1 Rab8 15. 0-0 Rfe8 16. Rfe1 Ne4 17. f3 Nd6 18. e4 Nc4 19. Bc1 b5 20. h4 h5 21. a4 a6 22. axb5 axb5 23. e5 Nd8 24. f4 Ne6 25. f5 Nf8 26. e6 fxe6 27. fxg6 e5 28. Qf2 Re7 29. Bh6 1-0

[Event "Budapest FS03 FM"]
[Site "Budapest"]
[Date "2018.03.10"]
[Round "7"]
[White "Eperjesi, Laszlo"]
[Black "Lakatos, Andras"]
[Result "0-1"]
[WhiteElo "2126"]
[BlackElo "1768"]
[PlyCount "66"]
[EventDate "2018.03.03"]
[EventType "tourn"]
[EventRounds "10"]
[EventCountry "HUN"]
[SourceTitle "CBM 183 Extra"]
[Source "ChessBase"]
[SourceDate "2018.04.19"]
[SourceVersion "1"]
[SourceVersionDate "2018.04.19"]
[SourceQuality "1"]

1. d4 d5 2. Nf3 Nf6 3. c4 e6 4. g3 b6 5. Bg2 Bb7 6. 0-0 Be7 7. Nc3 0-0 8. Ne5 c5 9. cxd5 Nxd5 10. Nxd5 Bxd5 11. e4 Bb7 12. d5 exd5 13. exd5 Bf6 14. Re1 Bxe5 15. Rxe5 Nd7 16. Re2 Qf6 17. Bf4 Rfe8 18. Qe1 Kf8 19. Rd1 Rxe2 20. Qxe2 Re8 21. Qc2 g5 22. Bc1 Ne5 23. f4 gxf4 24. Bxf4 Ng6 25. Bh6+ Kg8 26. Qf2 Qe5 27. d6 Bxg2 28. Qxg2 Rd8 29. Qb7 Nf8 30. Bf4 Qxb2 31. d7 Ne6 32. Qd5 Qe2 33. Bc7 Qe3+ 0-1

[Event "Budapest FS03 FM"]
[Site "Budapest"]
[Date "2018.03.05"]
[Round "3"]
[White "Eperjesi, Laszlo"]
[Black "Tancsa, Tamas"]
[Result "0-1"]
[WhiteElo "2126"]
[BlackElo "1815"]
[PlyCount "86"]
[EventDate "2018.03.03"]
[EventType "tourn"]
[EventRounds "10"]
[EventCountry "HUN"]
[SourceTitle "CBM 183 Extra"]
[Source "ChessBase"]
[SourceDate "2018.04.19"]
[SourceVersion "1"]
[SourceVersionDate "2018.04.19"]
[SourceQuality "1"]

1. d4 Nf6 2. c4 d6 3. Nf3 g6 4. Nc3 Bg7 5. Bg5 h6 6. Bh4 0-0 7. e3 g5 8. Bg3 Nh5 9. Qc2 Nxg3 10. hxg3 e6 11. g4 Bd7 12. Be2 Nc6 13. a3 a5 14. 0-0-0 a4 15. Kb1 Na5 16. Nxa4 Nxc4 17. Bxc4 Bxa4 18. Bb3 Bxb3 19. Qxb3 Qe7 20. Rc1 Rfb8 21. Rc4 b5 22. Rc6 Ra7 23. Rhc1 b4 24. R1c4 Qe8 25. Rxb4 Rxb4 26. Qxb4 Qxc6 27. Qb8+ Bf8 28. Qxa7 Qe4+ 29. Kc1 Qxg4 30. Kd2 Qxg2 31. Ke2 g4 32. Ne1 Qh2 33. Kf1 d5 34. Qa4 g3 35. fxg3 Qxb2 36. Nc2 Qc1+ 37. Ke2 Qg1 38. Qb3 Qxg3 39. a4 h5 40. a5 Qg2+ 41. Ke1 h4 42. Qd3 h3 43. Qf1 Qxc2 0-1